| 000 | 00350nam a2200133Ia 4500 | ||
|---|---|---|---|
| 008 | 220217s9999||||xx |||||||||||||| ||und|| | ||
| 020 | _a9789380578695 | ||
| 082 | _a621.815 PAT | ||
| 100 | _aPatil, H G | ||
| 245 | 0 | _aMachine Design Data Handbook | |
| 260 |
_aIK international _bNew Delhi _c2011 |
||
| 300 |
_axiv;385 _b195 |
||
| 650 | _aMachine | ||
| 999 |
_c182989 _d182989 |
||